Tous les pays possédant l'arme nucléaire - Statistiques

Statistiques générales
  • Ce quiz a été pris 59 fois
  • Le résultat moyen est 8 sur 9
Statistiques - réponses
Nombre de bombes Pays % Correct
~ 5 200 Etats-Unis
100%
~ 290 France
100%
~ 5 900 Russie
96%
~ 600 Chine
92%
~ 170 Inde
86%
~ 225 Royaume-Uni
86%
~ 50 Corée du Nord
84%
~ 170 Pakistan
76%
~ 170 Israël
75%
Aucun quiz correspondant
Distribution des résultats
% des personnes avec chaque résultat
Percentile par nombre de réponses
Votre historique - résultats
Vous n’avez pas pris ce quiz